00920nam a2200241 a 450000100100000000500170001000800410002702000150006804000250008304100390010808200160014710000200016324501100018326000290029330000160032249000360033850400740037470000400044883000440048804900090053295201200054199900170066100002319720200930022043.0101130s1983 sp r 000 0 spa d a8424908732 aDO-SdBNPbspacBNPHU17aspahgrc2Código de idiomas MARC annnnbP766h1 aPolibio,94117910aHistorias :blibros XVI-XXXIX /cPolibio ; introducciones, traducción y notas de Manuel Balasch Recort. aMadrid :bGredos,c1983. av ;c20 cm.1 aBiblioteca clásica Gredosv58 aIncluye referencias bibliográficas y notas al pie de las páginas.1 aBalasch Recort, Manuel,etr.947751 0aBiblioteca clásica Gredos ;v5898642 aBNGR 001052708MOaGRbGRcCTd2010-11-30iLF1l0onnnn P766hp23197-10r2020-06-25w2020-06-25y2ZPréstamo interno c22694d22694